Hoa tay Hà Nội rồng bay

保存先:
書誌詳細
第一著者: Nguyễn, Thọ Sơn
フォーマット: 図書
言語:Undetermined
出版事項: Hà Nội Thanh Niên 2004
主題:
タグ: タグ追加
タグなし, このレコードへの初めてのタグを付けませんか!
Thư viện lưu trữ: Trung tâm Học liệu Trường Đại học Cần Thơ
LEADER 00555nam a2200205Ia 4500
001 CTU_95955
008 210402s9999 xx 000 0 und d
020 |c 25000 
082 |a 895.9223081 
082 |b S464 
100 |a Nguyễn, Thọ Sơn 
245 0 |a Hoa tay Hà Nội rồng bay 
245 0 |c Nguyễn Thọ Sơn 
260 |a Hà Nội 
260 |b Thanh Niên 
260 |c 2004 
650 |a Short stories,vietnamese 
650 |x Collections 
904 |i Trúc 
980 |a Trung tâm Học liệu Trường Đại học Cần Thơ